China's new consumers : (Record no. 591588)

000 -LEADER
fixed length control field 02179cam a2200541 i 4500
001 - CONTROL NUMBER
control field 18808572
005 - DATE AND TIME OF LATEST TRANSACTION
control field 20221010104257.0
008 - FIXED-LENGTH DATA ELEMENTS--GENERAL INFORMATION
fixed length control field 151006s2006 nyu b 001 0 eng
010 ## - LIBRARY OF CONGRESS CONTROL NUMBER
LC control number 2015473689
020 ## - INTERNATIONAL STANDARD BOOK NUMBER
International Standard Book Number 0415411238
Qualifying information (hardback :
-- alk. paper)
020 ## - INTERNATIONAL STANDARD BOOK NUMBER
International Standard Book Number 9780415411233
Qualifying information (hardback :
-- alk. paper)
020 ## - INTERNATIONAL STANDARD BOOK NUMBER
International Standard Book Number 0415411246
Qualifying information (pbk. :
-- alk. paper)
020 ## - INTERNATIONAL STANDARD BOOK NUMBER
International Standard Book Number 9780415411240
Qualifying information (pbk. :
-- alk. paper)
035 ## - SYSTEM CONTROL NUMBER
System control number (OCoLC)ocn156212902
040 ## - CATALOGING SOURCE
Original cataloging agency Nz
Language of cataloging eng
Transcribing agency UZ0
Modifying agency BAKER
-- DEBBG
-- OCLCQ
-- HVC
-- OCLCF
-- OCLCO
-- OCLCQ
-- DLC
042 ## - AUTHENTICATION CODE
Authentication code lccopycat
043 ## - GEOGRAPHIC AREA CODE
Geographic area code a-cc---
050 00 - LIBRARY OF CONGRESS CALL NUMBER
Classification number HC430.C6
Item number C76 2006
082 04 - DEWEY DECIMAL CLASSIFICATION NUMBER
Classification number 339.470951
Author Mark CRO
084 ## - OTHER CLASSIFICATION NUMBER
Classification number QG 860
Number source rvk
084 ## - OTHER CLASSIFICATION NUMBER
Classification number MS 1260
Number source rvk
100 1# - MAIN ENTRY--PERSONAL NAME
Personal name Croll, Elisabeth,
Dates associated with a name 1944-2007.
9 (RLIN) 99590
245 10 - TITLE STATEMENT
Title China's new consumers :
Remainder of title social development and domestic demand /
Statement of responsibility, etc. Elisabeth Croll.
260 ## - PUBLICATION, DISTRIBUTION, ETC.
Place of publication, distribution, etc. London :
Name of publisher, distributor, etc. Routledge,
Date of publication, distribution, etc. 2006.
300 ## - PHYSICAL DESCRIPTION
Extent xv, 366 pages ;
Dimensions 24 cm.cm
336 ## - CONTENT TYPE
Content type term text
Content type code txt
Source rdacontent
337 ## - MEDIA TYPE
Media type term unmediated
Media type code n
Source rdamedia
338 ## - CARRIER TYPE
Carrier type term volume
Carrier type code nc
Source rdacarrier
504 ## - BIBLIOGRAPHY, ETC. NOTE
Bibliography, etc. note Includes bibliographical references (pages 330-360) and index.
650 #0 - SUBJECT ADDED ENTRY--TOPICAL TERM
Topical term or geographic name entry element Consumption (Economics)
Geographic subdivision China.
9 (RLIN) 99591
650 #0 - SUBJECT ADDED ENTRY--TOPICAL TERM
Topical term or geographic name entry element Consumers
Geographic subdivision China.
9 (RLIN) 99592
650 #0 - SUBJECT ADDED ENTRY--TOPICAL TERM
Topical term or geographic name entry element Consumer behavior
Geographic subdivision China.
9 (RLIN) 99593
650 #0 - SUBJECT ADDED ENTRY--TOPICAL TERM
Topical term or geographic name entry element Social change
Geographic subdivision China.
9 (RLIN) 99594
650 #7 - SUBJECT ADDED ENTRY--TOPICAL TERM
Topical term or geographic name entry element Consumer behavior.
Source of heading or term fast
Authority record control number or standard number (OCoLC)fst00876238
9 (RLIN) 14621
650 #7 - SUBJECT ADDED ENTRY--TOPICAL TERM
Topical term or geographic name entry element Consumers.
Source of heading or term fast
Authority record control number or standard number (OCoLC)fst00876410
9 (RLIN) 99595
650 #7 - SUBJECT ADDED ENTRY--TOPICAL TERM
Topical term or geographic name entry element Consumption (Economics)
Source of heading or term fast
Authority record control number or standard number (OCoLC)fst00876455
9 (RLIN) 99596
650 #7 - SUBJECT ADDED ENTRY--TOPICAL TERM
Topical term or geographic name entry element Social change.
Source of heading or term fast
Authority record control number or standard number (OCoLC)fst01122310
650 07 - SUBJECT ADDED ENTRY--TOPICAL TERM
Topical term or geographic name entry element Verbraucherverhalten.
Source of heading or term gnd
Authority record control number or standard number (DE-588)4062644-1
9 (RLIN) 99597
650 07 - SUBJECT ADDED ENTRY--TOPICAL TERM
Topical term or geographic name entry element Verbraucherverhalten.
Source of heading or term swd
9 (RLIN) 99597
651 #7 - SUBJECT ADDED ENTRY--GEOGRAPHIC NAME
Geographic name China.
Source of heading or term fast
Authority record control number or standard number (OCoLC)fst01206073
651 #7 - SUBJECT ADDED ENTRY--GEOGRAPHIC NAME
Geographic name China.
Source of heading or term gnd
Authority record control number or standard number (DE-588)4009937-4
9 (RLIN) 99598
651 #7 - SUBJECT ADDED ENTRY--GEOGRAPHIC NAME
Geographic name China.
Source of heading or term swd
9 (RLIN) 99598
856 41 - ELECTRONIC LOCATION AND ACCESS
Materials specified Table of contents
Uniform Resource Identifier <a href="http://catdir.loc.gov/catdir/toc/ecip0610/2006008790.html">http://catdir.loc.gov/catdir/toc/ecip0610/2006008790.html</a>
856 42 - ELECTRONIC LOCATION AND ACCESS
Materials specified Publisher description
Uniform Resource Identifier <a href="http://catdir.loc.gov/catdir/enhancements/fy0661/2006008790-d.html">http://catdir.loc.gov/catdir/enhancements/fy0661/2006008790-d.html</a>
906 ## - LOCAL DATA ELEMENT F, LDF (RLIN)
a 7
b cbc
c copycat
d 2
e ncip
f 20
g y-gencatlg
942 ## - ADDED ENTRY ELEMENTS (KOHA)
Source of classification or shelving scheme
Koha item type Book
Holdings
Withdrawn status Lost status Source of classification or shelving scheme Damaged status Not for loan Permanent Location Current Location Shelving location Date acquired Source of acquisition Total Checkouts Full call number Barcode Date last seen Price effective from Koha item type
          Central Library (CL) Central Library (CL) Chinese Studies 10/10/2022 Donated by China Embassy   339.470951 CRO CL-D-1851 10/10/2022 10/10/2022 Book
© 2023 Central Library, National University of Sciences and Technology. All Rights Reserved.